Administarive reforms : (Record no. 123777)
[ view plain ]
| 000 -LEADER | |
|---|---|
| fixed length control field | 00785nam a22002297a 4500 |
| 005 - DATE AND TIME OF LATEST TRANSACTION | |
| control field | 20170124105930.0 |
| 010 ## - LIBRARY OF CONGRESS CONTROL NUMBER | |
| LC control number | B-166987 |
| 020 ## - INTERNATIONAL STANDARD BOOK NUMBER | |
| Terms of availability | 680.00 |
| International Standard Book Number | 780761933922 |
| 035 ## - SYSTEM CONTROL NUMBER | |
| System control number | B-166987 |
| 037 ## - SOURCE OF ACQUISITION | |
| Source of stock number/acquisition | Cen Lib/Ret |
| 040 ## - CATALOGING SOURCE | |
| Original cataloging agency | DPL |
| Language of cataloging | EN |
| 082 ## - DEWEY DECIMAL CLASSIFICATION NUMBER | |
| Classification number | 352.280954 |
| Item number | ADM |
| 245 ## - TITLE STATEMENT | |
| Title | Administarive reforms : |
| Statement of responsibility, etc | edited by Amita Singh |
| Remainder of title | towards sustainable practices / |
| 260 ## - PUBLICATION, DISTRIBUTION, ETC. (IMPRINT) | |
| Place of publication, distribution, etc | New Delhi |
| Name of publisher, distributor, etc | Sage Publications |
| Date of publication, distribution, etc | 2005 |
| 270 ## - ADDRESS | |
| Address | B-42, pachsheel enclave |
| City | New Delhi |
| Postal code | 110017 |
| 300 ## - PHYSICAL DESCRIPTION | |
| Extent | 319p. |
| Dimensions | 20cm(Hb) |
| 500 ## - GENERAL NOTE | |
| General note | Includes bibliographical references and index |
| 650 ## - SUBJECT ADDED ENTRY--TOPICAL TERM | |
| Topical term or geographic name as entry element | Administrative agencies--India |
| 9 (RLIN) | 16389 |
| 650 ## - SUBJECT ADDED ENTRY--TOPICAL TERM | |
| Topical term or geographic name as entry element | Organizational changes--Case studies--India |
| 9 (RLIN) | 73358 |
| 700 ## - ADDED ENTRY--PERSONAL NAME | |
| Personal name | Singh, Amita |
| 9 (RLIN) | 18161 |
| 942 ## - ADDED ENTRY ELEMENTS (KOHA) | |
| Source of classification or shelving scheme | Dewey Decimal Classification |
| Koha item type | English Books |
| Classification part | 352.280954 |
| Call number suffix | ADM |
| Withdrawn status | Lost status | Damaged status | Not for loan | Collection code | Home library | Current library | Date acquired | Source of acquisition | Cost, normal purchase price | Total Checkouts | Full call number | Barcode | Date last seen | Copy number | Cost, replacement price | Price effective from | Koha item type |
|---|---|---|---|---|---|---|---|---|---|---|---|---|---|---|---|---|---|
| Not For Loan | Reference | Central Library | Central Library | 12/06/2015 | Cen Lib/Ret | 680.00 | 352.280954 ADM | B-166987 | 12/06/2015 | 1 | 680.00 | 12/06/2015 | English Books |
